000 00542nam a22001817a 4500
005 20251108172215.0
008 250721s9999 xx 000 0 ara d
082 1 4 _aط/ق/توم
100 1 _aتوماس، إسكندر
245 1 0 _aالكونت دى مونت كريستو /
264 1 _aبيروت :
_bدار الشرق العربي،
300 _a159ص
490 0 _aالقصص العالمية للجميع
650 1 7 _aأدب الأطفال
700 1 _aفريد، فؤاد
_eترجمة
942 _2ddc
_cBK
999 _c73124
_d73124